000 01587nam0a2200373 i 4500
001 RU\NLR\BIBL_A\012325630
005 20260406063200.0
010 _a9785090758796
_93000
021 _aRU
_b2020-23578
_9КН-П-1842
021 _aRU
_b2023-48065
_9КН-П-4818
035 _a(RuMoRGB)010329585
035 _a(NLR Aleph) 012325630
090 _a11444503
_c11444503
100 _a20200902d2020 cm y0rusy50 ca
101 0 _arus
_aeng
102 _aRU
105 _aa|||z|||000zy
181 0 _ai
_baxxe
182 0 _an
200 1 _aАнглийский язык
_iАнглийская грамматика? Легко!
_e2-4 классы
_eучебное пособие для общеобразовательных организаций
_fР. П. Мильруд
203 _aТекст
_bвизуальный
_cнепосредственный
210 _aМосква
_cПросвещение
_d2020
215 _a144 с.
_cил., табл.
_d22
225 1 _aУчи иностранный
300 _aЗагл. обл.: English. Английская грамматика? Легко!
320 _aДр. произведения авт. на 4-й с. обл.
333 _a0+
606 1 _aАнглийский язык
_jУчебные издания для начальной школы
_9972309
_3RU\NLR\AUTH\6646032
686 3 _aШ143.21-93рус21[2/4]
700 1 _8rus
_7ca
_aМильруд
_bР. П.
_gРадислав Петрович
_3RU\NLR\AUTH\7722058
_95119
942 _cBOOK
980 _aNBR